Normal view
MARC view
- Sked,Alan
Entry Personal Name
001 - CONTROL NUMBER
- control field: 133795
003 - CONTROL NUMBER IDENTIFIER
- control field: NUST
005 - DATE AND TIME OF LATEST TRANSACTION
- control field: 20260331160341.0
008 - FIXED-LENGTH DATA ELEMENTS
- fixed length control field: 260331|| aca||aabn | a|a d
040 ## - CATALOGING SOURCE
- Original cataloging agency: NUST
- Transcribing agency: NUST
100 ## - HEADING--PERSONAL NAME
- Personal name: Sked,Alan
670 ## - SOURCE DATA FOUND
- Source citation: Work cat.: (NUST): Sked,Alan., Post-war Britain A Political History /, 1984.
